[Event "Russia Cup"]
[Site "St Petersburg RUS"]
[Date "2009.11.04"]
[Round "1.5"]
[White "Epishin,V"]
[Black "Zvjaginsev,V"]
[Result "1/2-1/2"]
[WhiteElo "2613"]
[BlackElo "2641"]

1.Nf3 c5 2.c4 g6 3.e3 Bg7 4.d4 Nf6 5.Be2 O-O 6.O-O cxd4 7.exd4 d5 8.h3 Nc6
9.Nc3 dxc4 10.Bxc4 Na5 11.Bd3 Be6 12.Re1 Rc8 13.Bg5 Bc4 14.Bc2 Ba6 15.Rc1 Nc4
16.b3 Nb6 17.Ne4 Nxe4 18.Bxe4 Qd7 19.Rxc8 Rxc8 20.Qd2 f6 21.Bh6 Rd8 22.Bxg7 Kxg7
23.a4 Nc8 24.Qf4 e6 25.h4 Qd6 26.Qe3 Ne7 27.h5 gxh5 28.Bb1 b6 29.Qe4 Ng6
30.Qxe6 Qxe6 31.Rxe6 Bb7 32.Bxg6 Kxg6 33.Re7 Bxf3 34.gxf3 Rxd4 35.Rxa7 Rb4
36.a5 bxa5 37.Rxa5 Rxb3 38.Kg2 h4 39.Ra4 Kg5 40.Rg4+ Kh5 41.Rf4 Kg5  1/2-1/2

[Event "Russia Cup"]
[Site "St Petersburg RUS"]
[Date "2009.11.04"]
[Round "1.4"]
[White "Epishin,V"]
[Black "Zvjaginsev,V"]
[Result "1/2-1/2"]
[WhiteElo "2613"]
[BlackElo "2641"]

1.d4 Nf6 2.Nf3 c5 3.d5 d6 4.Nc3 a6 5.a4 e6 6.g3 Nxd5 7.Nxd5 exd5 8.Qxd5 Nc6
9.c3 Be6 10.Qd3 Be7 11.Bg2 O-O 12.O-O d5 13.Rd1 h6 14.Bf4 Qb6 15.Ne5 Bf6
16.Nxc6 bxc6 17.Qc2 Ra7 18.Rab1 a5 19.b3 Rd8 20.c4 Rad7 21.cxd5 cxd5 22.Rdc1 Be7
23.Bd2 d4 24.Be4 Bd5 25.Bxd5 Rxd5 26.Qd3 R8d7 27.Qb5 Qe6 28.Qd3 Bd8 29.Re1 Qg4
30.Qf3 Qxf3 31.exf3 Kf8 32.Kf1 Rb7 33.f4 Rd6 34.Rec1 Bb6 35.Ke2 d3+ 36.Kf3 f5
37.Rc3 Re7 38.Be3 Rd5 39.Rd1 Red7 40.h4 h5 41.Rc4 g6 42.Bd2 Kf7 43.Re1 Bc7
44.Rec1 Bb6 45.Re1 Bc7 46.Rec1  1/2-1/2

[Event "Russia Cup"]
[Site "St Petersburg RUS"]
[Date "2009.11.04"]
[Round "1.3"]
[White "Zvjaginsev,V"]
[Black "Epishin,V"]
[Result "1/2-1/2"]
[WhiteElo "2641"]
[BlackElo "2613"]

1.e4 c5 2.Nf3 e6 3.d3 Be7 4.g3 b6 5.Bg2 Bb7 6.O-O d6 7.c3 Nd7 8.Nfd2 Rb8
9.f4 Ngf6 10.Na3 O-O 11.b3 Ne8 12.Bb2 f5 13.Qe2 Nc7 14.Rae1 Rf7 15.c4 Bf6
16.e5 Bxg2 17.Qxg2 dxe5 18.fxe5 Be7 19.g4 Nf8 20.Nb5 Nxb5 21.gxf5 Nd4 22.f6 Bxf6
23.exf6 Rxf6 24.Rxf6 Qxf6 25.Ne4 Qg6 26.Bxd4 cxd4 27.h4 e5 28.Ng5 h6 29.Nf3 Qxg2+
30.Kxg2 Ng6 31.Kg3 Re8 32.b4 h5 33.c5 bxc5 34.bxc5 Kf7 35.c6 Rc8 36.Nxe5+ Nxe5
37.Rxe5 Rxc6 38.Rxh5 Rc3 39.Ra5 Rxd3+ 40.Kf4 Rh3 41.Rxa7+ Ke6 42.Rxg7 Rxh4+
43.Kf3 Kd5 44.Ke2 Rh2+  1/2-1/2

[Event "Russia Cup"]
[Site "St Petersburg RUS"]
[Date "2009.11.04"]
[Round "1.2"]
[White "Zvjaginsev,V"]
[Black "Epishin,V"]
[Result "1/2-1/2"]
[WhiteElo "2641"]
[BlackElo "2613"]

1.e4 c5 2.Nf3 e6 3.d3 Be7 4.g3 b6 5.Bg2 Bb7 6.O-O d6 7.c3 Nd7 8.Nfd2 Rb8
9.f4 Ngf6 10.Na3 O-O 11.Qe2 Ne8 12.b3 g6 13.Bb2 Ng7 14.Nc2 f5 15.Rae1 Rf7
16.d4 cxd4 17.cxd4 d5 18.exd5 exd5 19.Nf3 Rc8 20.Kh1 Bf8 21.Ne3 Bb4 22.Ng5 Bxe1
23.Nxf7 Kxf7 24.Rxe1 Nf6 25.Rc1 Rxc1+ 26.Bxc1 Qd7 27.Kg1 h5 28.Bf1 Ne6 29.Bb2 Nc7
30.Bg2 Qe6 31.Qe1 Nb5 32.Nc2 a5 33.Qxe6+ Kxe6 34.Ne1 Ne4 35.Nd3 Nbc3 36.Bxe4 dxe4
37.Nc5+ bxc5 38.Bxc3 cxd4 39.Bxd4 Bd5 40.Kf2 a4 41.bxa4 Bxa2 42.a5 Bc4 43.Ke3 Kd5
44.Bb6 Ba6 45.h4 Kc4 46.Kd2 Kb3 47.Bd8 Bb5 48.Bb6 Ba6 49.Bd8 Bb5 50.Bb6 Ba6  1/2-1/2

[Event "Russia Cup"]
[Site "St Petersburg RUS"]
[Date "2009.11.04"]
[Round "1.6"]
[White "Zvjaginsev,V"]
[Black "Epishin,V"]
[Result "1-0"]
[WhiteElo "2641"]
[BlackElo "2613"]

1.e4 c5 2.Nf3 e6 3.b4 d5 4.e5 b6 5.a3 Ne7 6.c3 Nf5 7.d4 Be7 8.Bd3 Nc6 9.O-O O-O
10.g4 Nh4 11.Nxh4 Bxh4 12.Be3 f6 13.f4 fxe5 14.fxe5 Rxf1+ 15.Qxf1 Bg5 16.Qf2 Bd7
17.Nd2 Bxe3 18.Qxe3 cxd4 19.cxd4 a5 20.b5 Ne7 21.Nf3 Be8 22.Ng5 Bg6 23.Rf1 h6
24.Nxe6 Qd7 25.Bxg6 Nxg6 26.Nf4 Qxg4+ 27.Qg3 Qxg3+ 28.hxg3 Nxf4 29.Rxf4 a4
30.Rf5 Rc8 31.Kf2 Rc2+ 32.Ke3 Rc3+ 33.Kf4 g5+ 34.Kg4 Kg7 35.Rf6 Rxa3 36.Rxb6 Rd3
37.Ra6 a3 38.b6 Rb3 39.Kf5 Rf3+ 40.Ke6 Rxg3 41.Kd7 Re3 42.b7 Rb3 43.Kc7 Rc3+
44.Kb6 Rb3+ 45.Kc6 g4 46.Rxa3 Rxa3 47.b8=Q Rf3 48.e6  1-0

[Event "Russia Cup"]
[Site "St Petersburg RUS"]
[Date "2009.11.07"]
[Round "3.1"]
[White "Maletin,P"]
[Black "Zvjaginsev,V"]
[Result "0-1"]
[WhiteElo "2581"]
[BlackElo "2641"]

1.Nf3 c5 2.c4 g6 3.g3 Bg7 4.Bg2 Nc6 5.Nc3 e6 6.d4 cxd4 7.Nb5 d5 8.cxd5 exd5
9.O-O Nge7 10.Nbxd4 O-O 11.Be3 Re8 12.Qd2 Nf5 13.Nxf5 Bxf5 14.Rfd1 Qf6 15.Nd4 Nxd4
16.Bxd4 Qxd4 17.Qxd4 Bxd4 18.Rxd4 Rxe2 19.Bxd5 Rxb2 20.Re1 Rc8 21.g4 Rb1
22.Rxb1 Bxb1 23.Rd1 Bc2 24.Bxb7 Bxd1 25.Bxc8 g5 26.Kg2 Kf8 27.Kg3 Ke7 28.f4 f6
29.h4 h6 30.fxg5 fxg5 31.hxg5 hxg5 32.Kf2 Kd6 33.Ke3 Ke5 34.Bf5 Ba4 35.Bc8 Bc6
36.Bf5 Bd5 37.a3 Bc6 38.Bc8 a5 39.Ba6 Bd7 40.Be2 Kd5 41.Bd1 Kc4 42.Ke4 Kc3
43.Ke5 Kd2 44.Bf3 Ke3 45.Bd1 Bc8 46.a4 Kd2 47.Bb3 Bxg4 48.Kf6 Kc3 49.Bf7 Bd7
50.Kxg5 Bxa4 51.Bh5 Bb5 52.Bd1 Bc4 53.Ba4 Kb4  0-1

[Event "Russia Cup"]
[Site "St Petersburg RUS"]
[Date "2009.11.08"]
[Round "3.2"]
[White "Zvjaginsev,V"]
[Black "Maletin,P"]
[Result "1/2-1/2"]
[WhiteElo "2641"]
[BlackElo "2581"]

1.c4 c5 2.Nf3 Nf6 3.Nc3 Nc6 4.e3 d5 5.cxd5 Nxd5 6.Bb5 Nc7 7.Bxc6+ bxc6 8.Qa4 Qd6
9.O-O g6 10.Ne4 Qd5 11.Nc3 Qd6 12.Ne4 Qd5 13.Nc3  1/2-1/2

[Event "ch-RUS Higher League"]
[Site "Irkutsk RUS"]
[Date "2010.08.26"]
[Round "1"]
[White "Zvjaginsev,V"]
[Black "Shaposhnikov,E"]
[Result "1-0"]
[WhiteElo "2656"]
[BlackElo "2543"]

1.e4 c5 2.Nf3 d6 3.d4 Nf6 4.Nc3 cxd4 5.Qxd4 Bd7 6.Be3 Nc6 7.Qd2 g6 8.h3 Bg7
9.Bd3 O-O 10.O-O a6 11.Rfe1 Re8 12.Nd5 Nxd5 13.exd5 Ne5 14.Nxe5 Bxe5 15.c3 Qa5
16.Be2 Rac8 17.a4 Bf5 18.Bd4 Bxd4 19.Qxd4 Qc5 20.Qd2 Bd7 21.a5 e5 22.dxe6 Rxe6
23.Bf3 Rxe1+ 24.Rxe1 Bc6 25.b4 Qc4 26.Be2 Qb3 27.Bg4 Re8 28.Rxe8+ Bxe8 29.Bf3 Bc6
30.Bxc6 bxc6 31.Qd3 Qe6 32.Qxa6 Qe1+ 33.Kh2 Qxc3 34.Qb6 Qe5+ 35.g3 c5 36.bxc5 dxc5
37.a6 Qe2 38.Qb7  1-0

[Event "ch-RUS Higher League"]
[Site "Irkutsk RUS"]
[Date "2010.08.27"]
[Round "2"]
[White "Volkov,Sergey1"]
[Black "Zvjaginsev,V"]
[Result "1/2-1/2"]
[WhiteElo "2597"]
[BlackElo "2656"]

1.d4 d5 2.c4 e6 3.Nc3 Be7 4.cxd5 exd5 5.Bf4 Nf6 6.e3 O-O 7.Nf3 c5 8.dxc5 Bxc5
9.Be2 Nc6 10.O-O Be6 11.Rc1 Rc8 12.a3 a6 13.b4 Be7 14.Nd4 a5 15.Nxe6 fxe6
16.b5 Nb8 17.Qb3 Nbd7 18.Na4 Nc5 19.Nxc5 Bxc5 20.Bg5 Qd6 21.Bf4 Qd8 22.Rc2 b6
23.Be5 Qe7 24.a4 Nd7 25.Bd4 Qh4 26.g3 Qe4 27.Bd3 Qf3 28.Be2 Qe4 29.Bd3 Qf3
30.Be2  1/2-1/2

[Event "ch-RUS Higher League"]
[Site "Irkutsk RUS"]
[Date "2010.08.28"]
[Round "3"]
[White "Zvjaginsev,V"]
[Black "Belov,Vl"]
[Result "1/2-1/2"]
[WhiteElo "2656"]
[BlackElo "2625"]

1.e4 c6 2.d4 d5 3.Nd2 dxe4 4.Nxe4 Bf5 5.Nc5 Nd7 6.Bd3 Bxd3 7.Nxd3 Ngf6 8.Nf3 e6
9.O-O Be7 10.c4 c5 11.Be3 cxd4 12.Bxd4 O-O 13.Qe2 Rc8 14.b3 Qa5 15.Rad1 Nb8
16.Nde5 Nc6 17.Nxc6 Rxc6 18.Rd3 Rd8 19.Bc3 Qb6 20.Rxd8+ Qxd8 21.Nd4 Rc8 22.Rd1 Qc7
23.Nb5 Qb6 24.Bd4 Qa5 25.Nxa7 Ra8 26.Nb5 Qxa2 27.Qxa2 Rxa2 28.g3 h5 29.Nd6 Bxd6
30.Bxf6 Bc5 31.Bd4 Bxd4 32.Rxd4 Rb2 33.Rd8+ Kh7 34.Rd7 Rxb3 35.Rxf7  1/2-1/2

[Event "ch-RUS Higher League"]
[Site "Irkutsk RUS"]
[Date "2010.08.29"]
[Round "4"]
[White "Rychagov,A"]
[Black "Zvjaginsev,V"]
[Result "1/2-1/2"]
[WhiteElo "2538"]
[BlackElo "2656"]

1.d4 Nf6 2.c4 c5 3.d5 b5 4.cxb5 a6 5.bxa6 g6 6.Nc3 Bxa6 7.Nf3 d6 8.e4 Bxf1
9.Kxf1 Nbd7 10.h3 Bg7 11.g3 O-O 12.Kg2 Qc7 13.Re1 Rfb8 14.Qc2 Rb4 15.Bd2 Ne8
16.Rab1 Ne5 17.Nxe5 Bxe5 18.a3 Rb7 19.a4 Qd7 20.b3 f5 21.Nb5 fxe4 22.Qxe4 Qf5
23.Qc4 h5 24.Rbd1 Nc7 25.Nxc7 Rxc7 26.g4 Qf7 27.f4 Rf8 28.Rf1 Bg7 29.Rde1 Qf6
30.Re6 Qd4 31.Qxd4 Bxd4 32.Rxg6+ Kf7 33.gxh5 c4 34.bxc4 Rxc4 35.Kf3 Rxa4
36.f5 Be5 37.Rb1 Rc8 38.Rb3 Rh4 39.Ke2 Rxh5 40.Rg5 Rh7 41.Rg6 Bf6 42.Bg5 Bxg5
43.Rxg5 Rc2+ 44.Kd3 Rh2 45.Ke4 Rh4+ 46.Rg4 R2xh3 47.Rxh3 Rxg4+ 48.Ke3 Kf6
49.Rh6+ Kxf5 50.Re6  1/2-1/2

[Event "ch-RUS Higher League"]
[Site "Irkutsk RUS"]
[Date "2010.08.31"]
[Round "6"]
[White "Zvjaginsev,V"]
[Black "Timofeev,Arty"]
[Result "1-0"]
[WhiteElo "2656"]
[BlackElo "2690"]

1.e4 c5 2.Nf3 d6 3.d4 cxd4 4.Qxd4 Nf6 5.Nc3 Nc6 6.Bb5 Nd7 7.Qd2 e6 8.O-O Be7
9.b3 a6 10.Bxc6 bxc6 11.Qf4 O-O 12.Qg3 Re8 13.Ba3 c5 14.Rad1 Bb7 15.Bb2 Bf8
16.h3 Qf6 17.Nd2 Qe5 18.Nc4 Qxg3 19.fxg3 Nf6 20.Nxd6 Bxd6 21.Rxd6 e5 22.Rb6 Ra7
23.Rd1 h5 24.Rdd6 c4 25.b4 Re7 26.Nd5 Nxd5 27.Rd8+ Kh7 28.exd5 f6 29.d6 Rf7
30.d7 Kg6 31.Bxe5 Be4 32.Rd6 Kf5 33.Bd4 Rc7 34.c3 Rc6 35.Rxc6 Bxc6 36.Ra8 Rxd7
37.Rxa6 Bb7 38.Rb6 Ke4 39.a4 Kd3 40.a5 Bd5 41.a6 Re7 42.Rd6 Re1+ 43.Kh2 Ke4
44.b5  1-0

[Event "ch-RUS Higher League"]
[Site "Irkutsk RUS"]
[Date "2010.09.05"]
[Round "10"]
[White "Nepomniachtchi,I"]
[Black "Zvjaginsev,V"]
[Result "1/2-1/2"]
[WhiteElo "2706"]
[BlackElo "2656"]

1.e4 e5 2.Nf3 Nc6 3.Bb5 Nf6 4.d3 Bc5 5.Bxc6 dxc6 6.Be3 Bxe3 7.fxe3 Bg4 8.h3 Bxf3
9.Qxf3 Nd7 10.Qg3 Qf6 11.Nd2 Qg6 12.Qh4 Qf6 13.Qg3 Qg6 14.Qh4 Qf6 15.Qg3  1/2-1/2

[Event "Chigorin Mem Classic Open"]
[Site "St Petersburg RUS"]
[Date "2010.10.28"]
[Round "1"]
[White "Zvjaginsev,V"]
[Black "Krivenko,S"]
[Result "1/2-1/2"]
[WhiteElo "2664"]
[BlackElo "2300"]

1.e4 e6 2.Qe2 c5 3.g3 Nc6 4.Bg2 Nge7 5.Nf3 g6 6.h4 h6 7.c3 Bg7 8.d3 d5 9.O-O O-O
10.e5 Rb8 11.a4 b5 12.axb5 Rxb5 13.Re1 a5 14.Nbd2 Ba6 15.Nf1 Nf5 16.N1h2 Qe7
17.Bf1 Rb6 18.Kg2 Rfb8 19.Ra2 Qb7 20.g4 Nfe7 21.Kg1 Qd7 22.Bg2 a4 23.Qd1 Bb5
24.Nf1 Na5 25.Ng3 Nb3 26.Bf4 Bc6 27.Re2 Kh7 28.Qc2 Qb7 29.h5 d4 30.Ne4 Bxe4
31.Rxe4 Qd7 32.hxg6+ fxg6 33.Bg3 Rf8 34.Nd2 Nxd2 35.Qxd2 Rb3 36.Re1 Rfb8
37.cxd4 cxd4 38.Be4 Qb5 39.Rea1 Nd5 40.Qc1 Nb6 41.Qc7 Qe8 42.Qc5 Rd8 43.Bc6 Qf7
44.Be4 Qd7 45.Qc2 Rc8 46.Qe2 Rc5 47.Re1 Qf7 48.f4 Kg8 49.Qf2 Rb4 50.Raa1 Nd5
51.f5 Ne3 52.f6 Rc2 53.Re2 Rxe2 54.Qxe2 Bf8 55.Bf4 Qe8 56.g5 Qb8 57.Bxe3 dxe3
58.Qg4 Qxe5 59.gxh6 g5 60.Qh5 Kh8 61.Qg6 Qg3+  1/2-1/2

[Event "Chigorin Mem Classic Open"]
[Site "St Petersburg RUS"]
[Date "2010.11.01"]
[Round "5"]
[White "Zvjaginsev,V"]
[Black "Neverov,V"]
[Result "1/2-1/2"]
[WhiteElo "2664"]
[BlackElo "2519"]

1.e4 c5 2.Nf3 e6 3.b4 cxb4 4.d4 Nf6 5.Bd3 d5 6.e5 Ne4 7.O-O Nc6 8.a3 f5 9.exf6 Qxf6
10.Be3 Bd7 11.axb4 Bxb4 12.c3 Nxc3 13.Nxc3 Bxc3 14.Rb1 Bb4 15.Ne5 a5 16.f4 g6
17.Qg4 O-O-O 18.Qg3 Nxe5 19.fxe5 Qg7 20.Bg5 Bc6 21.Be2 Rhf8 22.Rfc1 Rd7 23.Rxb4 axb4
24.Qh3 Rf5 25.Bd2 Rc7 26.Bg4 Bb5 27.Rxc7+ Qxc7 28.Bxf5 gxf5 29.Qh6 Qc6 30.Qf8+ Kc7
31.Qe7+ Kb8 32.h3 Ka7 33.Kf2 Qd7 34.Qxb4 Ba6 35.Bg5  1/2-1/2

[Event "Chigorin Mem Classic Open"]
[Site "St Petersburg RUS"]
[Date "2010.11.02"]
[Round "6"]
[White "Khusnutdinov,R"]
[Black "Zvjaginsev,V"]
[Result "1/2-1/2"]
[WhiteElo "2524"]
[BlackElo "2664"]

1.e4 c5 2.Nf3 Nc6 3.d4 cxd4 4.Nxd4 g6 5.Nc3 Bg7 6.Nb3 d6 7.Be2 Nf6 8.O-O O-O
9.Re1 Be6 10.Bf1 a5 11.a4 d5 12.Nc5 dxe4 13.Nxe6 fxe6 14.Bc4 Qb6 15.Bxe6+ Kh8
16.Bb3 Ng4 17.Be3 Nxe3 18.fxe3 Bxc3 19.bxc3 Qc5 20.Qd5 Qxc3 21.Qxe4 Rf5 22.Rad1 Raf8
23.h3 Re5 24.Qc4 Qxc4 25.Bxc4 Rc5  1/2-1/2

[Event "Chigorin Mem Classic Open"]
[Site "St Petersburg RUS"]
[Date "2010.11.03"]
[Round "7"]
[White "Zvjaginsev,V"]
[Black "Dzhumaev,M"]
[Result "1-0"]
[WhiteElo "2664"]
[BlackElo "2487"]

1.e4 g6 2.d4 Bg7 3.c4 c5 4.d5 d6 5.Nc3 e6 6.Nge2 exd5 7.cxd5 Nf6 8.Ng3 O-O
9.Be2 a6 10.a4 b6 11.O-O Ra7 12.Bf4 h5 13.Bg5 Qe8 14.Qd2 Nbd7 15.Rae1 Nh7
16.Bh6 Qe5 17.Bxg7 Qxg7 18.Rd1 Ndf6 19.Rfe1 Re7 20.f3 Nd7 21.Nf1 Ne5 22.f4 Nd7
23.Ne3 Nhf6 24.Bf3 b5 25.axb5 axb5 26.Nxb5 Nxe4 27.Bxe4 Rxe4 28.Nxd6 Rb4
29.Nec4 Ba6 30.Ne5 Nb6 31.Qf2 Na4 32.Rd2 Qf6 33.Ne4 Qf5 34.Qf3 Kh7 35.b3 Nb6
36.Nc6  1-0

[Event "Chigorin Mem Classic Open"]
[Site "St Petersburg RUS"]
[Date "2010.11.04"]
[Round "8"]
[White "Andriasian,Z"]
[Black "Zvjaginsev,V"]
[Result "1/2-1/2"]
[WhiteElo "2579"]
[BlackElo "2664"]

1.e4 e6 2.d4 d5 3.Nc3 Nf6 4.Bg5 Be7 5.e5 Nfd7 6.Bxe7 Qxe7 7.f4 Nc6 8.Nf3 Nb6
9.Be2 Bd7 10.O-O O-O-O 11.a4 Qb4 12.Qd3 f6 13.b3 Rdf8 14.Na2 Qe7 15.Qd2 Kb8
16.a5 Nc8 17.c4 fxe5 18.fxe5 g5 19.a6 b6 20.cxd5 exd5 21.Nxg5 Na5 22.Qe3 Nd6
23.Bd3 Nxb3 24.Rae1 Nc4 25.Bxc4 dxc4 26.Nc3 Bc8 27.e6 Rxf1+ 28.Rxf1 h6 29.Nf7 Re8
30.d5 Qc5 31.Qxc5 Nxc5 32.Ne5 Nxa6 33.Ne4 Nb4 34.Nf6 Re7 35.Ng6 Nxd5 36.Nxe7 Nxe7
37.g4 b5 38.h4 c3 39.Rb1 c6 40.Rb3 c2 41.Rc3 Bxe6 42.Rxc2 Bc4 43.Rd2 Ng6
44.h5 Ne5 45.Nd7+ Nxd7 46.Rxd7 Be6 47.Rd6 Bxg4 48.Rxh6 b4 49.Rh8+ Kb7 50.h6 Bf5
51.Rf8 Bc2 52.h7 Bxh7 53.Rf7+ Kb6 54.Rxh7 a5 55.Kf2 a4 56.Ke2 a3 57.Kd3 c5
58.Kc4 Ka6 59.Rh6+ Kb7 60.Rh5 Kb6 61.Rg5 Ka6 62.Rg1 Kb6 63.Rh1 Kc6 64.Rh8 Kb7
65.Rh7+  1/2-1/2

[Event "Chigorin Mem Classic Open"]
[Site "St Petersburg RUS"]
[Date "2010.11.05"]
[Round "9"]
[White "Zvjaginsev,V"]
[Black "Malakhatko,V"]
[Result "1/2-1/2"]
[WhiteElo "2664"]
[BlackElo "2578"]

1.e4 e6 2.d4 d5 3.Qe2 dxe4 4.Qxe4 e5 5.Nf3 Nc6 6.c3 Nf6 7.Qc2 a6 8.b4 Bd6
9.a3 O-O 10.Bb2 a5 11.Nbd2 axb4 12.axb4 Qe7 13.g3 Bg4 14.Bg2 Nd7 15.O-O Nb6
16.h3 Bd7 17.Rfe1 f6 18.Ne4 Qf7 19.Bf1 Be6 20.Rac1 Bb3 21.Qb1 Ba2 22.Qc2 Bb3
23.Qb1 Ba2 24.Qc2  1/2-1/2

[Event "Russia Cup Final KO"]
[Site "Belgorod RUS"]
[Date "2010.11.07"]
[Round "1.1"]
[White "Sharafiev,A"]
[Black "Zvjaginsev,V"]
[Result "1/2-1/2"]
[WhiteElo "2455"]
[BlackElo "2676"]

1.d4 e6 2.c4 Bb4+ 3.Nd2 c5 4.a3 Bxd2+ 5.Qxd2 cxd4 6.Nf3 d5 7.cxd5 Qxd5 8.Qxd4 Nf6
9.e3 O-O 10.Bd2 Qxd4 11.Nxd4 a6 12.Rc1 e5 13.Nb3 Nc6 14.Nc5 Rb8 15.b4 Ne7
16.Bc3 Ng6 17.h4 Re8 18.b5 Nd5 19.Bb2 Nf8 20.Be2 axb5 21.Bxb5 Re7 22.Ke2 Nc7
23.Bd3 b6 24.Ne4 Ba6 25.Rhd1 f6 26.Rc6 Nfe6 27.Bxa6 Nxa6 28.Rdd6 Nac5 29.Nc3 Nd4+
30.exd4 exd4+ 31.Kf3 dxc3 32.Bxc3 Ne4 33.Rd3 Nxc3 34.Rdxc3 h5 35.Rb3 Ra7
36.Ke3 Rba8 37.Rcc3 Ra4 38.g3 b5 39.Kd2 Rd8+ 40.Rd3 Rxd3+ 41.Kxd3 Kf7 42.Kc2 g5
43.hxg5 fxg5 44.Rxb5 Rxa3 45.Rxg5 Ra2+ 46.Kd3 Rxf2 47.Ke3 Rh2 48.Kf3 Kf6
49.Ra5 Kg6 50.Ke3 h4 51.gxh4 Rxh4  1/2-1/2

[Event "Russia Cup Final KO"]
[Site "Belgorod RUS"]
[Date "2010.11.08"]
[Round "1.2"]
[White "Zvjaginsev,V"]
[Black "Sharafiev,A"]
[Result "1-0"]
[WhiteElo "2676"]
[BlackElo "2455"]

1.e4 c5 2.Nf3 e6 3.c4 Nc6 4.Be2 Nf6 5.Nc3 d5 6.exd5 exd5 7.d4 Be6 8.cxd5 Nxd5
9.O-O Be7 10.dxc5 Nxc3 11.bxc3 Bxc5 12.Ng5 Qxd1 13.Bxd1 Bd5 14.Re1+ Be7 15.Ba4 h6
16.Bxc6+ bxc6 17.Ba3 hxg5 18.Rxe7+ Kd8 19.Rd1 Kc8 20.Bd6 Kd8 21.Bc5 Kc8 22.Bd4 Kd8
23.Bc5 Kc8 24.Bd6 Kd8 25.Bb4 a5 26.Bc5 Kc8 27.Bd4 Kd8 28.Re3 Kc8 29.Bxg7 Rg8
30.Bf6 Bxa2 31.Re7 a4 32.Rdd7 Rg6 33.Rc7+ Kd8 34.Rcd7+ Kc8 35.Rd4 Rg8 36.h4 gxh4
37.Rdd7 Ra5 38.Rb7  1-0

[Event "Russia Cup Final KO"]
[Site "Belgorod RUS"]
[Date "2010.11.09"]
[Round "2.1"]
[White "Zvjaginsev,V"]
[Black "Kryakvin,D"]
[Result "1/2-1/2"]
[WhiteElo "2676"]
[BlackElo "2593"]

1.e4 c5 2.Nf3 d6 3.d4 cxd4 4.Qxd4 Nc6 5.Bb5 Bd7 6.Bxc6 Bxc6 7.Nc3 Nf6 8.Bg5 e6
9.O-O-O Be7 10.Bxf6 Bxf6 11.Qxd6 Qxd6 12.Rxd6 Bxc3 13.bxc3 Bxe4 14.Ne5 Rc8
15.Rd4 Bd5 16.c4 f6 17.cxd5 fxe5 18.Rd2 exd5 19.Rxd5 O-O 20.f3 e4 21.fxe4 Rc4
22.Re1 Rf2 23.Rd2 Rxd2 24.Kxd2 Ra4 25.Kd3 Ra3+ 26.Kd4 Kf8 27.Rf1+ Ke7 28.Rb1 b6
29.Rb2 Ke6 30.c3 Ra4+ 31.Kd3 Ke5 32.h4 g6 33.g3 h5 34.Rb5+ Ke6 35.Rb2 Ke5
36.Rb5+ Ke6 37.Rb2 Ke5  1/2-1/2

[Event "Russia Cup Final KO"]
[Site "Belgorod RUS"]
[Date "2010.11.10"]
[Round "2.2"]
[White "Kryakvin,D"]
[Black "Zvjaginsev,V"]
[Result "0-1"]
[WhiteElo "2593"]
[BlackElo "2676"]

1.e4 c5 2.Nf3 Nc6 3.d4 cxd4 4.Nxd4 g6 5.Nc3 Bg7 6.Be3 Nf6 7.Be2 O-O 8.f4 d6
9.Nb3 e5 10.O-O exf4 11.Bxf4 Re8 12.Qxd6 Qb6+ 13.Kh1 Nxe4 14.Nxe4 Rxe4 15.Bf3 Re6
16.Qd2 Re8 17.c3 Be6 18.Be3 Qb5 19.Nc5 Ne5 20.Nxe6 Nxf3 21.Rxf3 Rxe6 22.Raf1 f5
23.b3 Rae8 24.c4 Qc6 25.Rd1 a6 26.a4 Bf8 27.h3 Re4 28.Qd3 Bb4 29.Bf2 Re2
30.Qd5+ Qxd5 31.cxd5 Bd6 32.Bg3 Rd8 33.Bxd6 Rxd6 34.Rc3 Kf7 35.Kg1 Ke7 36.Kf1 Re5
37.Kf2 Rexd5 38.Rxd5 Rxd5 39.Kf3 Kd6 40.Ke3 Re5+ 41.Kf4 h6 42.Rc4 g5+ 43.Kf3 Rc5
44.Rd4+ Rd5 45.Rb4 b5 46.axb5 axb5  0-1

[Event "Russia Cup Final KO"]
[Site "Belgorod RUS"]
[Date "2010.11.12"]
[Round "3.2"]
[White "Zvjaginsev,V"]
[Black "Khairullin,I"]
[Result "1/2-1/2"]
[WhiteElo "2676"]
[BlackElo "2637"]

1.e4 c5 2.Nf3 e6 3.c3 Nf6 4.d3 d5 5.e5 Nfd7 6.d4 Nc6 7.Be2 f6 8.exf6 Nxf6
9.O-O Bd6 10.Be3 cxd4 11.cxd4 O-O 12.Nc3 a6 13.Bg5 Bd7 14.Bh4 Be8 15.Ng5 Qd7
16.Bg3 Bg6 17.Bd3 Bxg3 18.hxg3 Bxd3 19.Qxd3 e5 20.dxe5 Nxe5 21.Qd4 Nc6 22.Qd3 Ne5
23.Qd4 Nc6 24.Qd3 Ne5  1/2-1/2

[Event "Russia Cup Final KO"]
[Site "Belgorod RUS"]
[Date "2010.11.12"]
[Round "3.4"]
[White "Zvjaginsev,V"]
[Black "Khairullin,I"]
[Result "1/2-1/2"]
[WhiteElo "2676"]
[BlackElo "2637"]

1.e4 c5 2.Nf3 e6 3.b4 cxb4 4.d4 d6 5.Bd3 Nf6 6.O-O Be7 7.a3 Nc6 8.Re1 O-O
9.axb4 Nxb4 10.Bf1 b6 11.c3 Nc6 12.Nbd2 Bb7 13.Bd3 Qc7 14.Bb2 Rfd8 15.Qb1 g6
16.Nf1 Bf8 17.Ne3 Bg7 18.h3 e5 19.Nh2 d5 20.exd5 Nxd5 21.Nxd5 Rxd5 22.c4 Rxd4
23.Bxd4 Nxd4 24.Be4 Bxe4 25.Qxe4 Rd8  1/2-1/2

[Event "Russia Cup Final KO"]
[Site "Belgorod RUS"]
[Date "2010.11.12"]
[Round "3.5"]
[White "Khairullin,I"]
[Black "Zvjaginsev,V"]
[Result "1-0"]
[WhiteElo "2637"]
[BlackElo "2676"]

1.d4 c5 2.d5 d6 3.c4 e5 4.e4 Be7 5.Nf3 Bg4 6.Nbd2 Nf6 7.Bd3 O-O 8.O-O Na6
9.Re1 Nc7 10.a3 Nd7 11.h3 Bh5 12.Rb1 Bg5 13.g4 Bg6 14.Nxg5 Qxg5 15.Nf3 Qe7
16.b4 b6 17.Be3 Rfc8 18.Nd2 f6 19.Rb2 Be8 20.Nb1 Nf8 21.Nc3 g5 22.bxc5 dxc5
23.a4 Ng6 24.a5 Qd6 25.Qb3 Rab8 26.Qa3 Nf4 27.Bf1 h5 28.f3 Bd7 29.Reb1 hxg4
30.hxg4 Bxg4 31.fxg4 Qd7 32.Be2 Nxe2+ 33.Rxe2 Qxg4+ 34.Rg2 Qh3 35.Qc1 Kf7
36.Ne2 Rh8 37.Ng3 Ne8 38.Qf1 Nd6 39.Bxg5  1-0

[Event "64th ch-RUS HL"]
[Site "Taganrog RUS"]
[Date "2011.06.18"]
[Round "4"]
[White "Sjugirov,S"]
[Black "Zvjaginsev,V"]
[Result "1/2-1/2"]
[WhiteElo "2629"]
[BlackElo "2659"]

1.e4 e6 2.d4 d5 3.Nd2 c5 4.Ngf3 Nc6 5.exd5 exd5 6.Bb5 cxd4 7.O-O Bd6 8.Nb3 Ne7
9.Nbxd4 O-O 10.h3 Nxd4 11.Nxd4 Bc7 12.Bd3 Qd6 13.g3 Bb6 14.Be3 Bxd4 15.Bxd4 Nc6
16.c3 Nxd4 17.cxd4 Qf6 18.h4 Bf5 19.Re1 Bxd3 20.Qxd3 Rae8 21.Rac1 g6 22.Re3 Re6
23.Rce1 Rfe8 24.Kg2 Kg7 25.a3 h5 26.R1e2 R8e7 27.Re1 Re8 28.R1e2 R8e7 29.Re1 Re8  1/2-1/2

[Event "64th ch-RUS HL"]
[Site "Taganrog RUS"]
[Date "2011.06.26"]
[Round "11"]
[White "Zvjaginsev,V"]
[Black "Volkov,Sergey1"]
[Result "1/2-1/2"]
[WhiteElo "2659"]
[BlackElo "2615"]

1.e4 e6 2.Nf3 d5 3.e5 Bd7 4.c3 c5 5.Be2 Ne7 6.d4 Nf5 7.Bd3 c4 8.Bc2 Nc6 9.g4 Nh4
10.Nbd2 b5 11.h3 Nxf3+ 12.Nxf3 b4 13.O-O Rb8 14.Kg2 Qa5 15.Qd2 Be7 16.Ng1 O-O
17.f4 f5 18.exf6 gxf6 19.Nf3 Bd6 20.Qe3 Qc7 21.Rf2 Rf7 22.Bd2 bxc3 23.bxc3 Rb2
24.Bc1 Rb6 25.Bd2 Rb2 26.Bc1 Rb6 27.Bd2  1/2-1/2

[Event "Botvinnik 100th Open"]
[Site "St Petersburg RUS"]
[Date "2011.08.20"]
[Round "9"]
[White "Zvjaginsev,V"]
[Black "Tunik,G"]
[Result "1-0"]
[WhiteElo "2659"]
[BlackElo "2440"]

1.c4 Nf6 2.Nf3 e6 3.Nc3 Bb4 4.g4 d6 5.g5 Nfd7 6.h4 Nc6 7.Bg2 Bxc3 8.dxc3 e5
9.Qc2 Nc5 10.Be3 Ne6 11.b4 Qe7 12.c5 Nf4 13.Bxf4 exf4 14.cxd6 cxd6 15.Qd2 Bf5
16.Qxf4 Be4 17.Qe3 d5 18.O-O h6 19.Rad1 a6 20.Nd4 hxg5 21.f3 Bg6 22.Qxe7+ Nxe7
23.hxg5 Rc8 24.Rc1 Nf5 25.Nxf5 Bxf5 26.Rfd1 Rh4 27.e3 Rhc4 28.Rxd5 Be6 29.Re5 Rxb4
30.Bh3 Rb6 31.c4 Kf8 32.Bxe6 fxe6 33.Kf2 Rb2+ 34.Kg3 Ke7 35.Ra5 Rh8 36.c5 Rhh2
37.Kf4 Rbg2 38.e4 Rh4+ 39.Ke3 Rxg5 40.Rb1 b5 41.Rc1 Rh2 42.c6 Rh8 43.Rxa6 b4
44.Ra7+ Kf6 45.Rb7 Ra5 46.c7 Ra3+ 47.Kf4 g5+ 48.Kg3 Raa8 49.Rxb4 Rhc8 50.Rc6 Ra7
51.Rbb6 Kf7 52.Rxe6 Rxa2 53.Rec6  1-0

[Event "65th ch-RUS HL"]
[Site "Tyumen RUS"]
[Date "2012.06.17"]
[Round "2"]
[White "Petrov,Ar"]
[Black "Zvjaginsev,V"]
[Result "0-1"]
[WhiteElo "2414"]
[BlackElo "2683"]

1.e4 c5 2.Nf3 Nc6 3.d4 cxd4 4.Nxd4 g6 5.Nc3 Bg7 6.Nb3 Nf6 7.Be2 O-O 8.O-O b6
9.Re1 Bb7 10.Bf1 Rc8 11.Bg5 h6 12.Bh4 Ne5 13.f4 Nc4 14.e5 Nh7 15.Qd4 d5 16.Nd2 g5
17.Bg3 Nxb2 18.Nb5 a6 19.Qxb2 gxf4 20.Bxf4 axb5 21.Nf3 e6 22.Nd4 Ng5 23.Bxb5 Qc7
24.Bd3 Ne4 25.Nf3 Nc5 26.Rab1 Ba6 27.Bxa6 Nxa6 28.Qxb6 Qxb6+ 29.Rxb6 Ra8
30.Be3 Rfc8 31.Re2 Bf8 32.Bd4 Nb4 33.Ne1 Rxa2 34.Rb7 Rc4 35.Be3 Nxc2 36.Rb8 Kg7
37.Kf2 Be7 38.Rb7 Bg5 39.Bxg5 hxg5 40.Nf3 g4 41.Ng5 Kg6 42.h4 gxh3 43.Nxh3 Rca4
44.Kg3 R2a3+ 45.Kh2 Ne3 46.g3 Nf1+ 47.Kg2 Rxg3+ 48.Kxf1 Ra1+ 49.Kf2 Rxh3
50.Kg2 Rah1  0-1

[Event "65th ch-RUS HL"]
[Site "Tyumen RUS"]
[Date "2012.06.21"]
[Round "6"]
[White "Khairullin,I"]
[Black "Zvjaginsev,V"]
[Result "1/2-1/2"]
[WhiteElo "2631"]
[BlackElo "2683"]

1.d4 e6 2.c4 Bb4+ 3.Bd2 Bxd2+ 4.Qxd2 Nf6 5.Nf3 d5 6.g3 O-O 7.Bg2 Qe7 8.O-O c5
9.cxd5 exd5 10.dxc5 Qxc5 11.Nc3 Nc6 12.Rac1 Be6 13.Rfd1 Rac8 14.Nd4 Qb6 15.Nxc6 Rxc6
16.Na4 Qb5 17.Rxc6 Qxc6 18.Nc3 Qb6 19.e3 h6 20.b3 Rd8 21.Ne2 Bg4 22.f3 Bd7
23.Kf2 Rc8 24.Rc1 Rxc1 25.Qxc1 Qa6 26.a3 Qc6 27.Qxc6 bxc6 28.b4 Kf8 29.Nd4 Ke7
30.Ke1 Kd6 31.Nb3 g5 32.Nc5 Bc8 33.Nb3 g4 34.f4 Bf5 35.Nd4 Bd7 36.Nb3 Bf5
37.Nd4 Bd7 38.Nb3  1/2-1/2